Ontario City Flags - Statistics

General Stats
  • This quiz has been taken 57 times
  • The average score is 11 of 24
Answer Stats
Picture Answer % Correct
Toronto
98%
Markham
87%
Milton
84%
London
80%
Guelph
78%
Waterloo
71%
Brampton
69%
Ottawa
69%
Tecumseh
64%
Kitchener
51%
Windsor
49%
Hamilton
47%
Sarnia
47%
Kingston
36%
Thunder Bay
29%
Burlington
27%
Sudbury
22%
Barrie
16%
Peterborough
13%
Vaughan
13%
Missasauga
11%
Brantford
7%
Orillia
7%
St. Catharines
4%
No matching quizzes found
Score Distribution
Percent of People with Each Score
Percentile by Number Answered
Your Score History
You have not taken this quiz